Relatos maravillosos de hadas y duendes /

Guardat en:
Dades bibliogràfiques
Altres autors: Castell Rey, Antonio (ilustración) (ilustración)
Format: Llibre
Idioma:espanyol
Publicat: Santiago, Chile : Andrés Bello, 2003, c2003
Edició:3a edición
Col·lecció:(A Partir de 6 Años ; 149)
Matèries:
Etiquetes: Afegir etiqueta
Sense etiquetes, Sigues el primer a etiquetar aquest registre!

MARC

LEADER 00000nam^a2200000^a^4500
001 000184977
005 20250521000000.0
009 20260310102134.045
020 |a 956-13-1382-0 
037 |a Acervo ITESO - Biblioteca 
041 |a ESP 
082 |a 808. 899282  |b REL 
245 0 0 |a Relatos maravillosos de hadas y duendes /  |c Il. de A. Castell Rey. 
250 |a 3a edición 
264 4 |a Santiago, Chile :  |b Andrés Bello,  |c 2003, c2003 
300 |a 79 p. 
336 |a texto  |b txt  |2 rdacontenido 
337 |a sin mediación  |b n  |2 rdamedio 
338 |a volumen  |b nc  |2 rdasoporte 
440 1 |a (A Partir de 6 Años ;  |v 149) 
649 |a XX 
650 |a Cuentos Infantiles 
650 |a Cuentos Fantásticos 
650 |a Literatura Infantil 
650 |a Literatura Fantástica 
650 |a Seres Fantásticos en la Literatura 
700 |a Castell Rey, Antonio  |e (ilustración) 
910 |a Fondo General 
920 |a Impresos - Libros 
930 |a Colección General 
940 |a Literatura 
905 |a 101 
901 |a 0500125888  |b IT1  |c LIT  |d ES  |u 20250521 
902 |a https://opac.biblio.iteso.mx/vufind/Record/000184977